| Поле | Инд. | ПП | Название | Значение |
|---|---|---|---|---|
| Тип записи | a | |||
| Библиографический уровень | b | |||
| 001 | Контрольный номер | RU/IS/BASE/293211445 | ||
| 005 | Дата корректировки | 20200522191322.3 | ||
| 008 | Кодируемые данные | 20090416 | ||
| 040 | b | Код языка каталог. | rus | |
| e | Правила каталог. | PSBO | ||
| 041 | 0_ | a | Код языка текста | rus |
| 084 | a | Индекс другой классификации/Индекс ББК | 60.523; 71.054.2 | |
| 100 | 1_ | a | Автор | Марченко Ю. Г. |
| 245 | 10 | a | Заглавие | Особенности бытия русской культуры в постсоветский период |
| 504 | a | Библиография | Библиогр. ссылки | |
| 650 | 14 | a | Основная рубрика | культурология |
| a | Основная рубрика | социология | ||
| a | Основная рубрика | социология культуры | ||
| 653 | a | Ключевые слова | американизация | |
| a | Ключевые слова | культура | ||
| a | Ключевые слова | постсоветское общество | ||
| a | Ключевые слова | Россия | ||
| a | Ключевые слова | русская культура | ||
| a | Ключевые слова | русский язык | ||
| a | Ключевые слова | социокультурная трансформация | ||
| 773 | 08 | t | Заглавие источника | Вестник Московского университета. Серия 18, Социология и политология |
| d | Дата издания источника | 2008 | ||
| g | Прочая информация | № 4. - С. 139 - 146 | ||
| w | Контрольный № источника | RU/IS/BASE/292076337 | ||
| 901 | t | Тип документа | b |